000 00541nam a2200181 4500
005 20260505170406.0
008 260505b |||||||| |||| 00| 0 eng d
020 _a9780198700234
_qpbk
041 _aeng
082 _a401.93 CUL
100 _aCulicover Peter W.
245 _aSyntactic Nuts:
_bHard Cases, Syntactic Theory and Language Acquisition,
_cPeter W. Culicover.
260 _aUnited Kingdom
_bOxford University Press
_c1999
300 _a244p. :
_c24cm.
504 _aindex
650 _aPhilosophy & theory
942 _cENGLISH
999 _c622593
_d622593